000 00827nam a2200265Ia 4500
003 OSt
005 20220928113048.0
006 a|||||r|||| 00| 0
007 ta
008 220927b |||||||| |||| 00| 0 eng d
020 _c595
024 _a125388
037 _b33, 17/12/2014, Pioneer Book Distributors
_cTextual
040 _aSDCL
_cSDCL
_beng
041 _2eng
_aeng
082 _aX:86, Q4
100 _aChandra Prasanna
_9431465
245 0 _aProject
_b Planning, analysis, selection, financing, implementation, and review
250 _a8th ed.
260 _aNoida
_bMcgraw Hill educaion P. ltd.
_c2014
300 _aVarious Pagenation
_ccm.
650 _aFinancial Studies
942 _hX:86, Q4
_cTEXL
_2CC
999 _c747915
_d747915